000 02373njm a2200625 i 4500
001 34975
003 KOSZ 005
005 20240405063105.0
007 sd fsngnnmmned
008 061010s2005 pl munn i 000 0 d
020 _a8360004269
020 _a8360004064
040 _cKOSZ 005
_aKOSZ 005
_dKOSZ 005/AR
041 0 _apol
046 _k2005
080 _a785(430)
080 _a(086.7)
100 1 _aStrauss, Richard
_d(1864-1949)
_eKompozytor
245 1 0 _aStrauss /
_cRichard Strauss.
260 _aWarszawa :
_bMediasat Poland,
_c2005.
300 _a1 płyta CD (65 min 18 s) :
_bzapis cyfrowy, stereo ;
_c12 cm +
_e1 dodatek : 43 strony : ilustracje ; 13 cm x 14 cm.
336 _2rdacontent
_aNagranie muzyczne
_bprm
336 _2rdacontent
_3Dodatek
_aTekst
_btxt
337 _2rdamedia
_aAudio
_bs
337 _2rdamedia
_aKomputer
_bc
337 _2rdamedia
_3Dodatek
_aBez urządzenia pośredniczącego
_bn
338 _2rdacarrier
_aPłyta audio
_bd
338 _2rdacarrier
_3Dodatek
_aWolumin
_bc
380 _aMuzyka
388 _a1801-1900
388 _a1901-2000
490 1 _aBiblioteka Gazety Wyborczej. Wielcy Kompozytorzy ;
_v20
500 _aTekst komentarza: Artur Szklener.
500 _aWykonanie: Royal Philharmonic Orchestra ; Sir Charles Mackerras, dyrygent.
500 _aNagranie: Abbey Road, Studio One, Londyn, marzec 1995 rok.
505 _aTako rzecze Zaratustra op.30, Don Juan op.20, Wesołe figle Dyla Sowizdrzała op.28.
600 1 7 _aStrauss, Richard
_d(1864-1949)
600 1 7 _aZaratusztra
_d(ok. 628-ok. 551 p.n.e.)
600 1 7 _aDon Juan
_c(postać fikcyjna)
600 1 7 _aDyl Sowizdrzał
_c(postać legendarna)
648 _a1801-1900
648 _a1901-2000
650 9 _aKompozytorzy niemieccy
655 7 _aDokumenty dźwiękowe
655 7 _aMuzyka instrumentalna
655 7 _aMuzyka na orkiestrę
655 7 _aMuzyka poważna
655 7 _aPoemat symfoniczny
700 1 _aSzklener, Artur
_eTekst
700 1 _aMackerras, Charles
_eDyrygent
_d(1925-2010)
710 2 _aRoyal Philharmonic Orchestra (Londyn)
_eWykonanie
710 2 _aMediasat Poland
_eWydawca
830 0 _aBiblioteka Gazety Wyborczej.
_pWielcy Kompozytorzy
_v20
942 _cCD
_2UKD
999 _c34975
_d34975